000 00410nam a2200157Ia 4500
999 _c10823
_d10823
008 191201s2011 xx 000 0 und d
082 _a658.8
_bGUM
100 _aGUPTA, Prachi
245 0 _aMarketing Management
250 _a15th
260 _aNew Delhi
_bPearson
_c2021
300 _a750
650 _aBachelor of Fashion and Apparel Design
700 _aAGGARWAL, Ashita and others
942 _2ddc
_cBK